000
00289nam a22001337a 4500
008
181022b xxu||||| |||| 00| 0 eng d
020
_a
9781559638241
041
_a
eng
080
_a
573
100
_a
9
101
_a
MJE
245
_a
Ecosystem Management
_c
Meffe, G.K
942
_2
udc
_c
BK
999
_c
50458
_d
50458